La clef du Cabinet des princes de l'Europe ou recuëil historique et politique sur les matieres du temps

Detalles Bibliográficos
Formato: Libro
Lenguaje:Undetermined
French
Publicado: Luxembourg : chez Andre Chevalier ; Jacques Le Sincere, 1711-1742.
Materias:
Colección:Banco de datos
Acervo:Biblioteca Palafoxiana. Colección bibliográfica
Descripción Física:t. ; 4°
Tema general:Historia civil
Notas:Número de localización: t.15 Año 1711. Juillet-Décembre (41183) ; t.17 Año 1712. Juillet-Décembre (41188) ; t.18 Año 1713. Janvier-Juin (41190) ; t.19 Año 1713. Juillet-Décembre (41195) ; t.20 Año 1714. Janvier-Juin (41186) ; t.21 Año 1714. Juillet-Décemb
LEADER 00794nam a2200157Ia 4500
008 150723s9999 xx 000 0 und d
041 0 |a fre 
050 0 |a PAFX D20 C5 
245 1 0 |a La clef du Cabinet des princes de l'Europe ou recuëil historique et politique sur les matieres du temps 
260 |a Luxembourg : chez Andre Chevalier ; Jacques Le Sincere, 1711-1742. 
300 |a t. ; 4° 
500 |a Número de localización: t.15 Año 1711. Juillet-Décembre (41183) ; t.17 Año 1712. Juillet-Décembre (41188) ; t.18 Año 1713. Janvier-Juin (41190) ; t.19 Año 1713. Juillet-Décembre (41195) ; t.20 Año 1714. Janvier-Juin (41186) ; t.21 Año 1714. Juillet-Décemb 
650 1 0 |a Historia civil 
942 |c PALALIB 
943 |g Biblioteca Palafoxiana. Colección bibliográfica 
999 |c 1063080  |d 1063080